000 00982nam a22003017a 4500
003 CHAP
005 20220329135239.0
008 971013s1977 r 00010 d
010 _a33256
011 _a34228
035 _a38344
040 _cCHAP
082 _a641.1
_bE5
245 _aElsevier's dictionary of food science and technology in four languages English-French-Spanish-German with an index of Latin names
260 _aAmsterdam :
_bElsevier,
_c1977
300 _a207 p.
590 _aBATCH-UPD
_b10
_c20130110
_lUCH01
_h2220
590 _aBATCH-UPD
_b10
_c20130410
_lUCH01
_h1518
590 _aBATCH-UPD
_b10
_c20130914
_lUCH01
_h0130
590 _aCONVERSION
_b10
_c20130109
_lUCH01
_h1319
650 1 4 _aAlimentos
_xDiccionarios.
_94214
650 1 4 _aDiccionarios polĂ­glotas.
_932449
700 0 _aMorton, Cholce.
_978970
700 0 _aMorton, Ian Douglas.
_978973
901 _aBK
942 _cLIBRO
949 _a641.1 E5
_bBC
_cC
_d33724000645859
_eC
_h54974
_i38344
_si
999 _c33256
_d33256